Iconic Ferraris - Statistics

General Stats
  • This quiz has been taken 55 times
  • The average score is 8 of 16
Answer Stats
Picture Answer % Correct
f40
92%
enzo
88%
f50
85%
dino 206 gt
71%
458 italia
69%
250 gto
63%
812 superfast
60%
512 tr
58%
fxx-k
58%
250 tr
56%
f430 suderia
35%
f2004
29%
330 p4
23%
Lafferari
8%
288 gt0
6%
calafornia
2%
No matching quizzes found
Score Distribution
Percent of People with Each Score
Percentile by Number Answered
Your Score History
You have not taken this quiz